<?xml version="1.0" encoding="UTF-8"?>
<marc:record xmlns:marc="http://www.loc.gov/MARC21/slim">
   <marc:leader>00000nam a2200000 a 4500</marc:leader>
   <marc:datafield ind1="1" ind2=" " tag="100">
      <marc:subfield code="a">Erne, Andrea</marc:subfield>
      <marc:subfield code="4">aut</marc:subfield>
      <marc:subfield code="e">Verfasser/-in</marc:subfield>
   </marc:datafield>
   <marc:datafield ind1=" " ind2=" " tag="653">
      <marc:subfield code="a">Kinderfrage</marc:subfield>
   </marc:datafield>
   <marc:datafield ind1=" " ind2=" " tag="653">
      <marc:subfield code="a">Großeltern</marc:subfield>
   </marc:datafield>
   <marc:datafield ind1=" " ind2=" " tag="653">
      <marc:subfield code="a">Tante</marc:subfield>
   </marc:datafield>
   <marc:datafield ind1=" " ind2=" " tag="653">
      <marc:subfield code="a">Onkel</marc:subfield>
   </marc:datafield>
   <marc:datafield ind1=" " ind2=" " tag="653">
      <marc:subfield code="a">Kindergarten</marc:subfield>
   </marc:datafield>
   <marc:datafield ind1=" " ind2=" " tag="653">
      <marc:subfield code="a">Sachbilderbuch</marc:subfield>
   </marc:datafield>
   <marc:datafield ind1=" " ind2=" " tag="653">
      <marc:subfield code="a">Sachbücher und Sachbilderbücher für Kinder und Jugendliche: Mensch</marc:subfield>
   </marc:datafield>
   <marc:datafield ind1="0" ind2="0" tag="245">
      <marc:subfield code="a">Wieso weshalb warum Junior</marc:subfield>
   </marc:datafield>
   <marc:datafield ind1="0" ind2="0" tag="245">
      <marc:subfield code="b">Mama, Papa, Oma, Opa</marc:subfield>
   </marc:datafield>
   <marc:datafield ind1="0" ind2="0" tag="245">
      <marc:subfield code="c">Erne, Andrea</marc:subfield>
   </marc:datafield>
   <marc:datafield ind1=" " ind2="1" tag="264">
      <marc:subfield code="a">Ravensburg</marc:subfield>
      <marc:subfield code="b">Ravensburger</marc:subfield>
   </marc:datafield>
   <marc:datafield ind1="1" ind2=" " tag="490">
      <marc:subfield code="a">Wieso? Weshalb? Warum? / Junior</marc:subfield>
      <marc:subfield code="v">39</marc:subfield>
   </marc:datafield>
   <marc:datafield ind1="1" ind2=" " tag="520">
      <marc:subfield code="a">Was gibt es Wichtigeres als die Familie? Sie spendet Geborgenheit, Trost und Sicherheit. Die Kinder erfahren hier, wer alles zur Familie gehört: Warum habe ich mehrere Omas und Opas? Wer ist meine Tante, wer mein Onkel? Und was passiert, wenn ein Geschwisterchen dazukommt? Emotional, alltagsnah und spielerisch erklärt dieses Buch, was jede Familie so besonders macht.&#xD;
&#xD;
Wieso? Weshalb? Warum? junior&#xD;
Die Sachbuchreihe für Kinder von 2-4 Jahren&#xD;
&#xD;
Jeden Tag entdecken Kinder etwas Neues – und haben viele Fragen. Wann kommt die Feuerwehr? Was machen die Tiere im Winter? Warum muss ich Zähne putzen? Die beliebte Sachbuchreihe Wieso? Weshalb? Warum? junior beantwortet die Fragen der Kinder auf Augenhöhe. Sie beleuchtet unterschiedlichste Themen aus ihrer Alltags- und Interessenswelt altersgerecht und mit viel Liebe zum Detail.&#xD;
Die Reihe ist speziell auf kleine Hände und die Bedürfnisse der Kleinsten angepasst. Klare und liebevolle Bilder, kurze Sachtexte sowie handliche Klappen, die Bewegungen veranschaulichen und überraschende und lustige Einblicke gewähren, ermöglichen Kindern, sich ihre Themen selbst zu erschließen. Der Spaß am eigenhändigen Entdecken, die liebevolle Umsetzung und die hochwertige Ausstattung garantieren langanhaltende Freude an jedem Buch.</marc:subfield>
   </marc:datafield>
   <marc:datafield ind1=" " ind2=" " tag="020">
      <marc:subfield code="a">9783473329663</marc:subfield>
      <marc:subfield code="9">9783473329663</marc:subfield>
   </marc:datafield>
   <marc:datafield ind1=" " ind2=" " tag="020">
      <marc:subfield code="a">3473329665</marc:subfield>
      <marc:subfield code="9">3473329665</marc:subfield>
   </marc:datafield>
   <marc:datafield ind1=" " ind2=" " tag="041">
      <marc:subfield code="a">ger</marc:subfield>
   </marc:datafield>
   <marc:datafield ind1="0" ind2=" " tag="490">
      <marc:subfield code="v">39</marc:subfield>
   </marc:datafield>
   <marc:datafield ind1="1" ind2=" " tag="521">
      <marc:subfield code="a">Vorschulkind</marc:subfield>
   </marc:datafield>
   <marc:datafield ind1=" " ind2=" " tag="338">
      <marc:subfield code="a">Band</marc:subfield>
   </marc:datafield>
   <marc:datafield ind1=" " ind2=" " tag="300">
      <marc:subfield code="a">16 ungezählte Seiten</marc:subfield>
   </marc:datafield>
</marc:record>
